| 000 | 00976cam a22002775a 4500 | ||
|---|---|---|---|
| 001 | L148739 | ||
| 002 | 18027 | ||
| 008 | 091029s2010 xxk f 000 0 eng d | ||
| 020 | _a9780728205710 | ||
| 035 | _a(Sirsi) u148739 | ||
| 041 | 0 | _aeng | |
| 050 | 0 | 4 | _a346.4104346 $2 18 |
| 100 | 1 | _aDollar, Peta | |
| 245 | 0 | 0 |
_aMixed use and residential tenants rights _bthe Landlord and Tenant Act 1987 and leasehold enfranchisement |
| 260 |
_aOxford _bEG Books _c2010 |
||
| 300 |
_axix, 337p. _c22cm. |
||
| 350 | _a42.99 | ||
| 520 | _aExamines the issue of residential tenants' rights of first refusal under the Landlord and Tenant Act 1987 (the Act) and looks at relevant case law. Also provides an overview of the Act. | ||
| 521 | _aAdvanced | ||
| 590 | _aKA | ||
| 650 | 2 | 4 | _aLANDLORD AND TENANT ACT 1987 |
| 651 | 4 |
_aEngland and Wales _y1543- |
|
| 690 | _aPROPERTY-LANDLORD AND TENANT-LEASES-LEASEHOLD ENFRANCHISEMENT | ||
| 700 | 1 | _aThompson-Copsey, Sarah | |
| 942 | _n0 | ||
| 999 |
_c110199 _d110199 |
||